| 000 | 01076nam a22002297a 4500 | ||
|---|---|---|---|
| 005 | 20210325180627.0 | ||
| 008 | s2543 th tha d | ||
| 020 | _a9745728039 | ||
| 041 | _atha | ||
| 050 | _aJQ1745.A55.D44 น217น 2543 | ||
| 100 | 0 | _aนรนิติ เศรษฐบุตร | |
| 245 | 1 | 0 | _aนัยประชาธิปไตยในวิถีการเมืองไทย |
| 260 | 3 |
_aกรุงเทพฯ : _bคณะรัฐศาสตร์ มหาวิทยาลัยธรรมศาสตร์, _c2543 |
|
| 300 |
_a64 หน้า ; _b 21 ซม. |
||
| 650 | 0 | 4 | _aประชาธิปไตย -- ไทย |
| 650 | 0 | 4 | _aรัฐธรรมนูญ -- การศึกษาเฉพาะกรณี -- ประชาธิปไตย |
| 650 | 0 | 4 | _aไทย -- รัฐธรรมนูญ -- การศึกษาเฉพาะกรณี -- ประชาธิปไตย |
| 850 | _aNALT | ||
| 942 | _cGB | ||
| 997 | _c000000000009783 | ||
| 998 | _aBENJALUCK SUTTHIWILAI | ||
| 999 |
_c9783 _d9783 |
||